Topoľčany Okienko do činnosti OOR

Bibliographic Details
Main Author: Š.B (Author)
Format: Article
Language:Slovak
Subjects:

MARC

LEADER 00000nab a2200000 a 4500
001 vtls000113450
003 SK-MaSNL
005 20260303023826.0
008 111104c1982 xo 0 slo
015 |a SNBRB19rr/mm-uuuuu 
035 |a CL0123553 
040 |a SNKBUCL  |b slo  |c SNKBUCL  |e AACR2 
041 0 |a slo 
044 |a xo  |c SK 
080 |a 331.88(437)  |2 1981 
100 1 |a Š.B.  |4 aut  |9 842002 
245 1 0 |a Topoľčany  |b Okienko do činnosti OOR  |c Š.B. 
650 0 7 |a OOR  |2 snkbucl  |9 922266 
651 7 |a 5209  |2 snkbucl  |9 278890 
655 7 |a články z novín a časopisov  |2 snkbucl  |9 267496 
773 0 |t Odborár  |g Roč. 36, č. 5 (1982), s. 15 
850 |a Slovenská národná knižnica v Martine  |a MTA001 
852 |a SNK  |b KIS3GCP 
958 |a RK 
992 |a RBX 
999 |c 1636639  |d 1638569